Bird Species by Family : Penguins - Statistics

General Stats
  • This quiz has been taken 340 times
  • The average score is 10 of 18
Answer Stats
Picture Answer % Correct
Emperor Penguin
98%
King Penguin
89%
Little Penguin
74%
Chinstrap Penguin
69%
Macaroni Penguin
69%
Adelie Penguin
64%
African Penguin
64%
Gentoo Penguin
58%
Galapagos Penguin
54%
Humboldt Penguin
43%
Southern Rockhopper Penguin
43%
Moseley's Rockhopper Penguin
42%
Yellow-Eyed Penguin
41%
Magellanic Penguin
37%
Royal Penguin
35%
Erect-Crested Penguin
31%
Fiordland Crested Penguin
29%
Snares Island Penguin
29%
No matching quizzes found
Score Distribution
Percent of People with Each Score
Percentile by Number Answered
Your Score History
You have not taken this quiz